000 00309nam a22001337a 4500
008 170608b xxu||||| |||| 00| 0 eng d
020 _a805341841
041 _aeng
080 _a94
100 _a18
101 _aSHH
245 _aCALSSIC READINGS OF INTERNATIONAL RELATIONS
_cWILLIAMS,PH
942 _2udc
_cBK
999 _c16577
_d16577